| 000 | 00475nam a2200157Ia 4500 | ||
|---|---|---|---|
| 008 | 151021s9999 xx 000 0 und d | ||
| 050 | _aLC 3969 .047 2000 | ||
| 245 | _a_Teaching Children and Adolescents with Special Needs [3rd ed.] | ||
| 260 | _aNew Jersey Prentice Hall 2000 | ||
| 300 | _ax,427p. | ||
| 500 | _aincludes index | ||
| 500 | _aincludes index | ||
| 650 | _a_Special Education | ||
| 700 | _a_Jennifer M. Platt | ||
| 980 | _a^d20150416 01:05:47^okorir | ||
| 999 |
_c15106 _d15106 |
||